The Power of the Image: (Record no. 1170)
[ view plain ]
| 000 -LEADER | |
|---|---|
| fixed length control field | 00610nam a2200157Ia 4500 |
| 005 - DATE AND TIME OF LATEST TRANSACTION | |
| control field | 20250319025521.0 |
| 008 - FIXED-LENGTH DATA ELEMENTS--GENERAL INFORMATION | |
| fixed length control field | 240331s9999 xx 000 0 und d |
| 020 ## - INTERNATIONAL STANDARD BOOK NUMBER | |
| ISBN | 0415084601 |
| 082 ## - DDC Classification | |
| Class No. | 302.234 |
| Item Number - Author Mark | KUH |
| DDC Edition Number | 3581 |
| 100 ## - MAIN ENTRY--PERSONAL NAME | |
| Personal name | Kuhn, A |
| 245 #4 - TITLE STATEMENT | |
| Title | The Power of the Image: |
| Remainder of title | Essays on Representation and Sexuality |
| 260 ## - PUBLICATION, DISTRIBUTION, ETC. | |
| Place of publication, distribution, etc. | New York; |
| -- | London, |
| Name of publisher, distributor, etc. | Routledge |
| Date of publication, distribution, etc. | 1985 |
| 300 ## - PHYSICAL DESCRIPTION | |
| Extent (e.g. Volumes, Pages etc.) | vi, 146 p., (C II) |
| 500 ## - GENERAL NOTE | |
| General note | In this challenging collection of essays Annette Kuhn analyses a wide range of films and still photographs, she explores and develops ideas on culturally dominant images and how they work |
| 942 ## - Koha item type (Biblio) | |
| Koha item type | Books in Stacks (Lending) |
| Lost status | Damaged status | Collection code | Home library | Current library | Shelving location | Date acquired | Full call number | Accession Number | Item type |
|---|---|---|---|---|---|---|---|---|---|
| Lending | WERC Library | WERC Library | Social Science Cupboard | 03/31/2024 | 302.234 KUH | 3581 | Books in Stacks (Lending) |
